000 00887nam a2200229 a 4500
008 951121s1986||||[C 0 slo c
020 _c17 Kčs.
_q(18000 výtl.)
040 _aSNK
_bslo
_cSNK
_eAACR2
041 1 _aslo
_hrus
044 _axo
_cSK
080 _a141.82(081)
100 1 _aLenin, Vladimir Iľjič
_4aut
245 1 0 _aZobrané spisy. /Zv./ 35
_bOktóber 1917 - marec 1918
_cVladimir Iľjič Lenin ; Vladimir Iljič Lenin, Ján Žigo, Oto Takáč
250 _a2., vyd.
260 _aBratislava
_bPravda
_c1986
_eBratislava
_fPravda
300 _a736 s., 30,69 AH
_bFot.
_c21 cm
500 _aLit. 263. Pozn. Zozn. prác V. I. Lenina, ktoré sa doteraz nenašli. Reg. lit. prác a prameňov a men. Životopis. údaje. 263 zázn. v slov., češ. a ruš.
700 1 _aLenin, Vladimir Iljič
_4aut
700 1 _aŽigo, Ján
_4trl
700 1 _aTakáč, Oto
_4bkd
958 _aA
999 _c15451
_d15451